[Event "GER Seniors Derby 16th"]
[Site "Wesel Undeloh"]
[Date "2017.03.16"]
[Round "1"]
[White "Steckmann, Kerstin"]
[Black "Willner, Thomas"]
[Result "0-1"]
[WhiteElo "1705"]
[BlackElo "1847"]
[PlyCount "102"]
[EventDate "2017.03.16"]
[EventType "swiss"]
[EventRounds "7"]
[EventCountry "GER"]
[SourceTitle "EXT 2019"]
[Source "ChessBase"]
[SourceDate "2018.10.10"]
[SourceVersion "1"]
[SourceVersionDate "2018.10.10"]
[SourceQuality "1"]

1. d4 d5 2. c4 dxc4 3. e3 e6 4. Bxc4 c5 5. Nf3 Nf6 6. 0-0 a6 7. dxc5 Qxd1 8. Rxd1 Bxc5 9. Nc3 b5 10. Be2 Nc6 11. b3 0-0 12. Bb2 Bb7 13. Rac1 Be7 14. Nb1 Rfd8 15. Ne5 Rxd1+ 16. Bxd1 Nxe5 17. Bxe5 Rd8 18. Be2 Rd7 19. Rc7 Rxc7 20. Bxc7 b4 21. Nd2 Nd5 22. Bf3 Bc8 23. Bxd5 exd5 24. Nf3 Bf5 25. Nd2 Bd3 26. Be5 f6 27. Bd4 Kf7 28. f3 f5 29. Kf2 g6 30. Ke1 Ke6 31. Kd1 Kd7 32. Kc1 Kc6 33. f4 g5 34. Nf3 Be4 35. Ne5+ Kb5 36. g3 gxf4 37. gxf4 Bh4 38. Nf7 Kc6 39. Ne5+ Kb5 40. Nf7 Kc6 41. Ne5+ Kc7 42. Kb2 h5 43. a3 bxa3+ 44. Kxa3 Be1 45. Nf7 h4 46. Ng5 Bg2 47. h3 a5 48. Ka4 Bb4 49. Bf6 Kd7 50. Bd4 Kc6 51. Bf6 Bf1 0-1

[Event "Harburg-chD 9th"]
[Site "Hamburg"]
[Date "2011.08.21"]
[Round "4"]
[White "Xin, Ruidi"]
[Black "Willner, Thomas"]
[Result "0-1"]
[WhiteElo "1752"]
[BlackElo "1872"]
[PlyCount "114"]
[EventDate "2011.08.19"]
[EventType "tourn"]
[EventRounds "5"]
[EventCountry "GER"]
[SourceTitle "EXT 2012"]
[Source "ChessBase"]
[SourceDate "2011.11.24"]
[SourceVersion "1"]
[SourceVersionDate "2011.11.24"]
[SourceQuality "1"]

1. e4 e5 2. Nf3 Nc6 3. d4 exd4 4. Nxd4 Nf6 5. Nxc6 bxc6 6. e5 Nd5 7. c4 Nb6 8. b3 Bc5 9. Bb2 Qh4 10. Qe2 Qg5 11. g3 0-0 12. Bg2 Re8 13. Nd2 Bb4 14. f4 Qe7 15. 0-0 Bb7 16. f5 f6 17. Ne4 Rf8 18. exf6 gxf6 19. Rf4 Rf7 20. Rg4+ Kh8 21. Ng5 Rg7 22. Re1 Rf8 23. Qxe7 Bxe7 24. Bf3 Nc8 25. Ne4 Rxg4 26. Bxg4 Kg8 27. Bf3 d5 28. Nd2 Bb4 29. Re2 Nd6 30. g4 Re8 31. Rxe8+ Nxe8 32. Nf1 Bc5+ 33. Kg2 Kf7 34. Ng3 Bd6 35. Bd4 c5 36. Be3 c6 37. Bd2 Be5 38. h4 Nd6 39. cxd5 cxd5 40. Be3 d4 41. Bxb7 Nxb7 42. Bd2 Nd6 43. Nh5 Ne4 44. Bf4 Nc3 45. Kf3 Nxa2 46. Ke4 Nc3+ 47. Kf3 Nd5 48. Ke4 Bxf4 49. Nxf4 Nxf4 50. Kxf4 h5 51. gxh5 Kg7 52. Kf3 Kh6 53. Kg4 a6 54. Kf3 Kxh5 55. Kg3 a5 56. Kf3 Kxh4 57. Kf4 Kh5 0-1

[Event "Harburg-chD 9th"]
[Site "Hamburg"]
[Date "2011.08.19"]
[Round "1"]
[White "Willner, Thomas"]
[Black "Schwarzkopf, Joerg"]
[Result "0-1"]
[WhiteElo "1872"]
[BlackElo "1756"]
[PlyCount "74"]
[EventDate "2011.08.19"]
[EventType "tourn"]
[EventRounds "5"]
[EventCountry "GER"]
[SourceTitle "EXT 2012"]
[Source "ChessBase"]
[SourceDate "2011.11.24"]
[SourceVersion "1"]
[SourceVersionDate "2011.11.24"]
[SourceQuality "1"]

1. e4 c5 2. Nf3 Nc6 3. d4 cxd4 4. Nxd4 Nf6 5. Nc3 e5 6. Ndb5 d6 7. Nd5 Nxd5 8. exd5 Ne7 9. c4 Ng6 10. Be3 a6 11. Nc3 Be7 12. b4 0-0 13. Na4 f5 14. g3 f4 15. Bb6 Qe8 16. Qb3 e4 17. 0-0-0 Bg4 18. Re1 Bf3 19. Rg1 Bg5 20. Kb2 fxg3 21. hxg3 Bd2 22. Rb1 Ne5 23. Kc2 Bg5 24. Nb2 Bh5 25. Bg2 Nf3 26. Rgd1 Bg6 27. Be3 b5 28. c5 Bxe3 29. Qxe3 a5 30. a3 axb4 31. axb4 dxc5 32. bxc5 b4 33. Nc4 Ra2+ 34. Rb2 Qa4+ 35. Qb3 e3+ 36. Rd3 Nd4+ 37. Kc1 Ra1+ 0-1

[Event "Harburg-chD 8th"]
[Site "Hamburg"]
[Date "2010.08.22"]
[Round "5"]
[White "Stanau, Guido"]
[Black "Willner, Thomas"]
[Result "1/2-1/2"]
[WhiteElo "1979"]
[BlackElo "1866"]
[PlyCount "78"]
[EventDate "2010.08.20"]
[EventType "tourn"]
[EventRounds "5"]
[EventCountry "GER"]
[SourceTitle "EXT 2012"]
[Source "ChessBase"]
[SourceDate "2011.11.24"]
[SourceVersion "1"]
[SourceVersionDate "2011.11.24"]
[SourceQuality "1"]

1. e4 e5 2. Nf3 Nc6 3. d4 exd4 4. Nxd4 Nf6 5. Nxc6 bxc6 6. e5 Nd5 7. c4 Bb4+ 8. Bd2 Bxd2+ 9. Qxd2 Nb6 10. Bd3 Qe7 11. 0-0 Bb7 12. Re1 c5 13. Nc3 a6 14. b3 0-0 15. Rad1 Rfe8 16. f4 f6 17. Bb1 fxe5 18. Rxe5 Qf8 19. Rde1 Rxe5 20. Rxe5 Re8 21. Qd3 g6 22. Qe3 Rxe5 23. Qxe5 d6 24. Qe6+ Qf7 25. Qxf7+ Kxf7 26. Ne4 Bxe4 27. Bxe4 a5 28. Kf2 Nc8 29. Ke3 Ne7 30. g4 Ke6 31. h4 c6 32. Kf3 d5 33. Bd3 Kf6 34. Kg3 h6 35. g5+ hxg5 36. hxg5+ Kf7 37. Kf3 Ke6 38. Kg4 Kf7 39. Kf3 Ke6 1/2-1/2

[Event "Harburg-chD 8th"]
[Site "Hamburg"]
[Date "2010.08.21"]
[Round "3"]
[White "Schausten, Peter"]
[Black "Willner, Thomas"]
[Result "1-0"]
[WhiteElo "2005"]
[BlackElo "1866"]
[PlyCount "105"]
[EventDate "2010.08.20"]
[EventType "tourn"]
[EventRounds "5"]
[EventCountry "GER"]
[SourceTitle "EXT 2012"]
[Source "ChessBase"]
[SourceDate "2011.11.24"]
[SourceVersion "1"]
[SourceVersionDate "2011.11.24"]
[SourceQuality "1"]

1. d4 d5 2. Nf3 a6 3. Bf4 Bf5 4. e3 e6 5. c4 Bb4+ 6. Nc3 Nf6 7. Qa4+ Nc6 8. Ne5 Bxc3+ 9. bxc3 0-0 10. Nxc6 bxc6 11. Qxc6 Ne8 12. Be2 Rb8 13. Qxa6 Rb6 14. Qa3 Qb8 15. 0-0 Rb2 16. Bd1 dxc4 17. f3 Bd3 18. Rf2 Rb1 19. Rxb1 Qxb1 20. Rd2 Nd6 21. Qb2 Rb8 22. Qxb1 Rxb1 23. Bxd6 cxd6 24. Kf2 Rc1 25. a4 Rxc3 26. Ra2 Rc1 27. Be2 Bxe2 28. Kxe2 Rb1 29. a5 Kf8 30. a6 Rb8 31. Kd2 Ke7 32. Kc3 Kd7 33. a7 Ra8 34. Kxc4 Kc7 35. Ra6 d5+ 36. Kb5 h6 37. Rc6+ Kb7 38. Rb6+ Kxa7 39. Ra6+ Kb7 40. Rxa8 Kxa8 41. Kc6 Ka7 42. Kd7 Kb6 43. Ke7 Kb5 44. Kxf7 Kc4 45. Kxe6 Kd3 46. Kxd5 Kxe3 47. Ke5 Kf2 48. d5 Kxg2 49. d6 Kxf3 50. Kf5 g5 51. d7 Kg2 52. d8Q Kxh2 53. Qh8 1-0

[Event "Harburg-chD 8th"]
[Site "Hamburg"]
[Date "2010.08.20"]
[Round "1"]
[White "Willner, Thomas"]
[Black "Lehmkuhl, Stefan"]
[Result "1/2-1/2"]
[WhiteElo "1866"]
[BlackElo "1898"]
[PlyCount "151"]
[EventDate "2010.08.20"]
[EventType "tourn"]
[EventRounds "5"]
[EventCountry "GER"]
[SourceTitle "EXT 2012"]
[Source "ChessBase"]
[SourceDate "2011.11.24"]
[SourceVersion "1"]
[SourceVersionDate "2011.11.24"]
[SourceQuality "1"]

1. e4 d5 2. d4 dxe4 3. Nc3 e5 4. Nxe4 Bf5 5. Ng3 Bg6 6. d5 c6 7. Bc4 Ne7 8. Bg5 cxd5 9. Bxe7 Bxe7 10. Qxd5 Nc6 11. c3 0-0 12. Qxd8 Rfxd8 13. Nf3 Kf8 14. Bb5 Rac8 15. Bxc6 Rxc6 16. 0-0 f6 17. h3 Bc5 18. Rfe1 a5 19. Ne4 Be7 20. Nh4 Bxe4 21. Rxe4 Rd2 22. Rae1 Rxb2 23. f4 Bd6 24. fxe5 Bxe5 25. Nf3 Bd6 26. Kh1 Rxa2 27. Ng5 Be5 28. Nf3 Rxc3 29. Nxe5 fxe5 30. Rxe5 Rc7 31. Rb5 a4 32. Reb1 Rf2 33. Rxb7 Rxb7 34. Rxb7 Rf7 35. Rb8+ Ke7 36. Ra8 Rf4 37. Ra6 h5 38. g3 Rb4 39. Kg2 Kf7 40. Kf3 g6 41. h4 Rg4 42. Rd6 Ke7 43. Rd3 Ke6 44. Rd8 Ke5 45. Rd7 Rd4 46. Rg7 a3 47. Ra7 Rd3+ 48. Kf2 Rc3 49. Ra6 Kf5 50. Ra4 Rc2+ 51. Kf3 Rc3+ 52. Kf2 Rb3 53. Rf4+ Ke5 54. Ra4 Rb2+ 55. Ke3 a2 56. Ra5+ Kf6 57. Kf4 Rh2 58. Ra6+ Kg7 59. Kg5 Kf7 60. Ra7+ Ke6 61. Kxg6 Rg2 62. Kxh5 Rxg3 63. Rxa2 Rg1 64. Rf2 Ke7 65. Kh6 Rg8 66. Kh7 Rg4 67. h5 Rh4 68. Rf5 Ke6 69. Rg5 Kf7 70. h6 Rd4 71. Rf5+ Ke6 72. Rf3 Rg4 73. Rf8 Ke7 74. Rg8 Rh4 75. Rg5 Kf6 76. Rg7 1/2-1/2

[Event "Harburg-chE 7th"]
[Site "Hamburg"]
[Date "2009.07.04"]
[Round "3"]
[White "Willner, Thomas"]
[Black "Henkemeier, Michael"]
[Result "0-1"]
[WhiteElo "1898"]
[BlackElo "1882"]
[PlyCount "110"]
[EventDate "2009.07.03"]
[EventType "tourn"]
[EventRounds "5"]
[EventCountry "GER"]
[SourceTitle "EXT 2010"]
[Source "ChessBase"]
[SourceDate "2010.11.25"]
[SourceVersion "1"]
[SourceVersionDate "2010.11.25"]
[SourceQuality "1"]

1. e4 c6 2. Nc3 d5 3. exd5 cxd5 4. Nf3 Nf6 5. d4 Nc6 6. h3 Bf5 7. Bb5 Qc7 8. Bg5 e6 9. Ne5 Bd6 10. Qe2 Ne4 11. Nxe4 Bxe4 12. Nf3 0-0 13. c3 Bxf3 14. Qxf3 Nxd4 15. Qd3 Nxb5 16. Qxb5 a6 17. Qd3 b5 18. a3 Qc4 19. Rd1 Rfc8 20. 0-0 a5 21. Qf3 b4 22. Rd4 Qc6 23. Rh4 g6 24. Bf6 Bf8 25. axb4 axb4 26. Qe3 bxc3 27. bxc3 Ra4 28. Rxa4 Qxa4 29. Rb1 Qc6 30. Rb6 Qc7 31. Ra6 Bg7 32. Bxg7 Kxg7 33. Qd4+ Kg8 34. Ra3 Qc5 35. Qxc5 Rxc5 36. Kf1 Kg7 37. Ke2 Kf6 38. Kd3 Rc7 39. Ra5 Ke5 40. g3 g5 41. Ra1 Kf5 42. Ra4 h5 43. f3 Ke5 44. f4+ gxf4 45. Rxf4 f5 46. Rh4 Rg7 47. Rxh5 Rxg3+ 48. Kd2 Ke4 49. Kc2 f4 50. h4 f3 51. Kd2 Rg2+ 52. Ke1 Rh2 53. Rh6 e5 54. Rh5 Kf4 55. Kf1 e4 0-1

[Event "Harburg-chE 7th"]
[Site "Hamburg"]
[Date "2009.07.03"]
[Round "1"]
[White "Willner, Thomas"]
[Black "Student, Martin"]
[Result "0-1"]
[WhiteElo "1898"]
[BlackElo "1880"]
[PlyCount "108"]
[EventDate "2009.07.03"]
[EventType "tourn"]
[EventRounds "5"]
[EventCountry "GER"]
[SourceTitle "EXT 2010"]
[Source "ChessBase"]
[SourceDate "2010.11.25"]
[SourceVersion "1"]
[SourceVersionDate "2010.11.25"]
[SourceQuality "1"]

1. e4 e6 2. d4 d5 3. Be3 dxe4 4. Nd2 Nf6 5. f3 exf3 6. Ngxf3 Nd5 7. Bf2 Be7 8. c3 Nd7 9. Bc4 N5b6 10. Bb3 c5 11. 0-0 cxd4 12. Bxd4 Bc5 13. Ne4 Bxd4+ 14. Qxd4 0-0 15. Rad1 Qe7 16. Kh1 Nf6 17. Ne5 Nxe4 18. Qxe4 f6 19. Bc2 g6 20. Nf3 Kg7 21. Rd4 e5 22. Qe3 Qc5 23. Re4 Qxe3 24. Rxe3 Nc4 25. Re2 Nxb2 26. Bxg6 hxg6 27. Rxb2 b6 28. Rd2 Be6 29. a3 Rfd8 30. Rfd1 Rxd2 31. Rxd2 Rc8 32. Rc2 Kf7 33. Kg1 Bf5 34. Rc1 g5 35. h3 Rd8 36. Kf2 Be4 37. Ke3 Bxf3 38. Kxf3 Rd2 39. c4 Rd3+ 40. Ke4 Rxa3 41. c5 Ke6 42. g4 bxc5 43. Rxc5 Ra4+ 44. Kf3 a5 45. Rc8 Ra3+ 46. Ke4 Rxh3 47. Rc6+ Kf7 48. Rc7+ Kg6 49. Kd5 a4 50. Rc4 Rd3+ 51. Ke6 a3 52. Ra4 Rd4 53. Ra8 Rxg4 54. Rxa3 Rf4 0-1

[Event "Harburg-chE 6th"]
[Site "Hamburg"]
[Date "2008.07.20"]
[Round "5"]
[White "Willner, Thomas"]
[Black "Lehmkuhl, Stefan"]
[Result "1-0"]
[WhiteElo "1794"]
[BlackElo "1978"]
[PlyCount "128"]
[EventDate "2008.07.18"]
[EventType "tourn"]
[EventRounds "5"]
[EventCountry "GER"]
[SourceTitle "EXT 2009"]
[Source "ChessBase"]
[SourceDate "2008.11.26"]
[SourceVersion "1"]
[SourceVersionDate "2008.11.26"]
[SourceQuality "1"]

1. e4 c6 2. Nc3 d5 3. Nf3 Bg4 4. h3 Bxf3 5. Qxf3 e6 6. d4 dxe4 7. Nxe4 Be7 8. Bf4 Nf6 9. c3 Nxe4 10. Qxe4 Nd7 11. Bc4 Nf6 12. Qd3 0-0 13. 0-0 Qb6 14. b4 Rad8 15. Qc2 Rd7 16. Rfe1 h6 17. Re2 Bd6 18. Be5 Bxe5 19. Rxe5 Rfd8 20. a4 Qc7 21. Rc1 a6 22. Ba2 b5 23. a5 Nd5 24. Bb1 g6 25. Qd2 Kg7 26. g4 Rh8 27. h4 Qd8 28. g5 hxg5 29. hxg5 Rh4 30. Be4 Rg4+ 31. Kf1 Qh8 32. Bxd5 cxd5 33. Rce1 Qh1+ 34. Ke2 Rg1 35. Rxg1 Qxg1 36. Qf4 Qb1 37. Qf6+ Kg8 38. Qf3 Rc7 39. Re3 Qc2+ 40. Kf1 Qf5 41. Qg3 Rc8 42. Rf3 Qb1+ 43. Kg2 Qe4 44. Kh2 Kg7 45. Qh3 Kg8 46. Kg3 Qe1 47. Kh2 Qe4 48. Re3 Qf5 49. Qg3 Kg7 50. Kg2 Rh8 51. Qe5+ Qxe5 52. Rxe5 Rh4 53. Kg3 Rh1 54. Kf4 Kf8 55. Re3 Ke7 56. Rg3 Rh4+ 57. Kf3 e5 58. Ke3 Ke6 59. Rf3 exd4+ 60. cxd4 Re4+ 61. Kd3 Ke7 62. Rf6 Re6 63. Rf4 f6 64. Rg4 Kf7 1-0

[Event "Harburg-chE 5th"]
[Site "Hamburg"]
[Date "2007.07.08"]
[Round "4"]
[White "Lochmann, Viktor"]
[Black "Willner, Thomas"]
[Result "0-1"]
[WhiteElo "1924"]
[BlackElo "1807"]
[PlyCount "58"]
[EventDate "2007.07.06"]
[EventType "tourn"]
[EventRounds "5"]
[EventCountry "GER"]
[SourceTitle "EXT 2008"]
[Source "ChessBase"]
[SourceDate "2007.11.25"]
[SourceVersion "1"]
[SourceVersionDate "2007.11.25"]
[SourceQuality "1"]

1. e4 e5 2. Nf3 Nc6 3. Bc4 Nf6 4. Ng5 d5 5. exd5 Nxd5 6. Nxf7 Kxf7 7. Qf3+ Ke6 8. Nc3 Ncb4 9. Bb3 c6 10. 0-0 Qf6 11. Qe2 Kd7 12. Ne4 Qg6 13. c3 Nf4 14. Qf3 Nbd5 15. g3 Kc7 16. h4 Bg4 17. Qh1 Bf5 18. Ng5 Ne2+ 19. Kh2 h6 20. d4 Nxc1 21. Raxc1 hxg5 22. Rce1 e4 23. Bxd5 cxd5 24. Re3 Bd6 25. Kg1 gxh4 26. Qg2 hxg3 27. Rxg3 Bxg3 28. Qxg3+ Qxg3+ 29. fxg3 Raf8 0-1

[Event "Harburg-chE 5th"]
[Site "Hamburg"]
[Date "2007.07.08"]
[Round "5"]
[White "Willner, Thomas"]
[Black "Gramenz, Jens"]
[Result "1/2-1/2"]
[WhiteElo "1807"]
[BlackElo "1877"]
[PlyCount "186"]
[EventDate "2007.07.06"]
[EventType "tourn"]
[EventRounds "5"]
[EventCountry "GER"]
[SourceTitle "EXT 2008"]
[Source "ChessBase"]
[SourceDate "2007.11.25"]
[SourceVersion "1"]
[SourceVersionDate "2007.11.25"]
[SourceQuality "1"]

1. e4 c5 2. Nf3 Nc6 3. d4 cxd4 4. Nxd4 g6 5. c4 Bg7 6. Be3 d6 7. Nc3 Nf6 8. Be2 Bd7 9. Rc1 0-0 10. 0-0 Ne8 11. Qd2 Nc7 12. Nc2 Ne5 13. Bh6 Rb8 14. Bxg7 Kxg7 15. b3 b5 16. cxb5 Nxb5 17. Nxb5 Bxb5 18. Bxb5 Rxb5 19. Qd4 Qb6 20. f4 Qxd4+ 21. Nxd4 Rb4 22. Nc2 Rxe4 23. fxe5 Rxe5 24. Nd4 Re4 25. Nf3 a5 26. Rc7 a4 27. bxa4 Rxa4 28. Rxe7 h6 29. Rd7 Rxa2 30. Rxd6 Re8 31. Rd7 Rae2 32. Nd4 R2e7 33. Rd6 Re1 34. Kf2 Rxf1+ 35. Kxf1 Re7 36. Nc6 Rb7 37. Nd8 Ra7 38. Rb6 Ra1+ 39. Kf2 Ra2+ 40. Kf3 Ra3+ 41. Ke4 Ra2 42. Kf3 Ra3+ 43. Kf4 g5+ 44. Kg4 Ra4+ 45. Kh3 Ra3+ 46. g3 Rd3 47. Nxf7 Kxf7 48. Rxh6 Kg7 49. Rc6 Rd4 50. Rc2 Kg6 51. Kg2 Rd3 52. h3 Rb3 53. Kf2 Ra3 54. Re2 Kf5 55. Re3 Ra2+ 56. Kf3 Ra4 57. Rb3 Rc4 58. Rb5+ Kf6 59. Rb3 Kf5 60. Rd3 Rb4 61. Rd5+ Kf6 62. Ke3 Rb3+ 63. Rd3 Rb4 64. Rc3 Ke5 65. Rc5+ Kf6 66. Kd3 Ra4 67. Rc3 Rb4 68. Ke3 Ke5 69. Rc5+ Kf6 70. Rd5 Rb3+ 71. Kf2 Rb2+ 72. Kf3 Rb4 73. Rd8 Kf5 74. Rf8+ Kg6 75. Re8 Kf5 76. g4+ Kf6 77. Rf8+ Kg6 78. Re8 Rb3+ 79. Re3 Rb4 80. Rd3 Ra4 81. Ke3 Rb4 82. Rd6+ Kf7 83. Rd4 Rb3+ 84. Ke4 Rxh3 85. Kf5 Rb3 86. Rd7+ Ke8 87. Rd5 Rb7 88. Kg6 Kf8 89. Rd8+ Ke7 90. Rh8 Rb5 91. Rh5 Kf8 92. Rxg5 Rxg5+ 93. Kxg5 Kg7 1/2-1/2

[Event "Harburg-chA 1st"]
[Site "Hamburg"]
[Date "2003.06.21"]
[Round "3"]
[White "Willner, Thomas"]
[Black "Schmidt Brauns, Rainer"]
[Result "1/2-1/2"]
[WhiteElo "1821"]
[BlackElo "2163"]
[PlyCount "128"]
[EventDate "2003.06.20"]
[EventType "tourn"]
[EventRounds "5"]
[EventCountry "GER"]
[SourceTitle "EXT 2005"]
[Source "ChessBase"]
[SourceDate "2004.11.15"]
[SourceVersion "1"]
[SourceVersionDate "2004.11.15"]
[SourceQuality "1"]

1. e4 c6 2. d4 d5 3. exd5 cxd5 4. c4 Nf6 5. Nc3 g6 6. cxd5 Nxd5 7. Qb3 Nb6 8. Bb5+ N8d7 9. Nf3 Bg7 10. Bg5 0-0 11. 0-0 Nf6 12. Rfe1 Bg4 13. Ne5 Be6 14. Qd1 Nbd5 15. Be3 Rc8 16. Nxd5 Nxd5 17. Ba4 Qb6 18. Bb3 Rfd8 19. Qf3 Nxe3 20. Bxe6 Qxe6 21. Qxe3 Qd5 22. Nf3 e6 23. Red1 Rc4 24. Rd2 Bxd4 25. Qe2 e5 26. Rad1 Rdc8 27. b3 Rc1 28. Nxd4 exd4 29. Qd3 Rxd1+ 30. Rxd1 Qa5 31. Qxd4 Qxa2 32. Qd7 Qc2 33. g3 Qc7 34. Qa4 Rd8 35. Re1 a6 36. Qb4 Rd6 37. Qf4 Rd7 38. Qf6 Qd8 39. Qf3 b5 40. Kg2 Rd3 41. Re8+ Qxe8 42. Qxd3 a5 43. Qc3 a4 44. Kf1 axb3 45. Qxb3 Qc6 46. h4 Qa6 47. Ke2 b4+ 48. Kd2 Qa3 49. Kc2 Kg7 50. Qc4 h5 51. Qd4+ Kh7 52. Qc4 Qf3 53. Qd4 Qe2+ 54. Kb3 Qe1 55. Kb2 Qe7 56. Kb3 f6 57. Qxb4 Qxb4+ 58. Kxb4 g5 59. Kc4 Kg6 60. hxg5 fxg5 61. Kd3 Kf5 62. Ke2 Kg4 63. Kf1 Kf3 64. Kg1 h4 1/2-1/2